000 00302nam a2200121Ia 4500
005 20251028132345.0
008 251020t2007||||xx |||||||||||||| ||spa||
041 _aspa
100 _aEsquivel Oviedo, Juan Carlos
245 0 _aGuía operativa de jurisprudencia registral
260 _c2007
942 _CLB
_cLB
999 _c918
_d918